Statistiques concernant Personnages de Genshin Impact

Cliquez ici pour prendre le quiz!

Statistiques générales

  • Ce quiz a été pris 1 275 fois
    (336 depuis la dernière actualisation)
  • Le résultat moyen est 47 sur 75

Statistiques - réponses

Réponse% Correct
Diluc
89%
Jean
88%
Kaeya
86%
Amber
84%
Venti
84%
Kamisato Ayaka
83%
Lisa
82%
Raiden Shogun
82%
Kamisato Ayato
80%
Xiao
80%
Bennett
78%
Arataki Itto
77%
Qiqi
77%
Mona
76%
Furina
75%
Klee
75%
Neuvillette
74%
Albedo
73%
Kazuha
73%
Beidou
71%
Tartaglia
70%
Xiangling
70%
Yae Miko
69%
Zonghli
69%
Barbara
67%
Gorou
66%
Hu Tao
66%
Lynette
66%
Lyney
66%
Kujou Sara
65%
Keqing
64%
Chongyun
63%
Ganyu
63%
Ningguang
63%
Diona
61%
Cyno
60%
Tighnari
60%
Voyageur
60%
Collei
58%
Dehya
58%
Eula
58%
Kaveh
58%
Sangonomiya Kokomi
58%
Scaramouche
58%
Sucrose
58%
Thomas
58%
Alhaitham
57%
Freminet
57%
Kuki Shinobu
56%
Navia
56%
Xingqiu
56%
Fischl
55%
Shenhe
54%
Yoimiya
54%
Yanfei
53%
Razor
52%
Sayu
52%
Yelan
52%
Shikanoin Heizou
51%
Yao Yao
51%
Baizhu
50%
Dori
50%
Faruzan
50%
Noelle
49%
Xinyan
49%
Wriothesley
48%
Charlotte
47%
Candace
46%
Layla
46%
Nilou
46%
Yun Jin
46%
Mika
45%
Rosalia
45%
Aloy
43%
Kirara
36%

Distribution des résultats

Percentile par nombre de réponses

% des personnes avec chaque résultat

Votre développement - résultats

Vous n’avez pas pris ce quiz depuis la dernière actualisation